Maternidad adolescente en medios subprivilegiados: de la práctica a la sistematización

Saved in:
Bibliografiske detaljer
Main Authors: Castillo, Marta del (Author), Dwek, Ricardo (Author), Levy, Elvira (Author), Oliveira, Maria Luisa (Author), Saenz, Silvia (Author), Sellan, Lidia (Author)
Format: Bog
Sprog:spansk
Udgivet: Buenos Aires Humanitas 1988
Serier:Colección desarrollo social
Fag:
Tags: Tilføj Tag
Ingen Tags, Vær først til at tagge denne postø!

MARC

LEADER 00000nam a2200000 a 4500
001 UCY0586
003 CL-VaPUC
008 940805e19880000AG |||||||||||||||||spa|d
082 0 4 |a 362.83  |b CAS  |2 21 
100 0 |a Castillo, Marta del  |e author  |9 328342 
700 0 |a Dwek, Ricardo  |e author  |9 328343 
700 0 |a Levy, Elvira  |e author  |9 328344 
700 0 |a Oliveira, Maria Luisa  |e author  |9 328345 
700 0 |a Saenz, Silvia  |e author  |9 328346 
700 0 |a Sellan, Lidia  |e author  |9 328347 
245 1 0 |a Maternidad adolescente en medios subprivilegiados: de la práctica a la sistematización 
300 |a 101 p 
942 |c BK 
945 |d 19940805 00:00:00  |a rbrito 
260 |a Buenos Aires  |b Humanitas  |c 1988 
650 0 |a Madres solteras  |9 328348 
650 7 |a TRABAJO SOCIAL CON MADRES  |2 CL-VaPUC  |9 328349 
650 0 |a Madres adolescentes   |9 328350 
583 |a last modification  |c 19940805 00:00:00  |k Rodrigo Vera 
490 0 |a Colección desarrollo social 
999 |c 229553  |d 229551 
952 |0 0  |1 0  |4 0  |6 362_830000000000000_CAS_1988  |7 0  |8 A  |9 230813  |a BIBGIM  |b BIBGIM  |d 2019-11-15  |i 3002578  |o 362.83 CAS 1988  |p 3002578  |r 2025-01-15  |w 2019-11-15  |y BK  |k SSL